Word Answers Start with "Sch-" - Statistics

General Stats
  • This quiz has been taken 226 times
  • The average score is 9 of 17
Answer Stats
Hint Answer % Correct
A group of fish school
97%
A distinguished academic scholar
90%
A timetable schedule
85%
To make plans, especially in a devious way scheme
80%
Mental disorder involving a breakdown in between thought, emotion, and behavior schizophrenia
76%
German credited with saving the lives of 1200 Jews during the Holocaust Schindler
64%
A split or division between parties, caused by differences in opinion or belief schism
64%
Sailing ship with two or more masts schooner
58%
The Governator Schwarzenegger
48%
Former basic monetary unit of Austria schilling
47%
Area of 27 European countries without controls at their mutual borders Schengen
44%
Talk intimately and cozily, typically in order to manipulate, flatter, or impress schmooze
44%
Pleasure derived by someone from another person's misfortune. schadenfreude
42%
"Stormin'" U.S. general of Operation Desert Storm Schwarzkopf
28%
Narrator of Arabian Nights Scheherazade
25%
Industrial city in eastern New York, northwest of Albany Schenectady
25%
Coarse-grained metamorphic rock which consists of layers of different minerals schist
22%
No matching quizzes found
Score Distribution
Percent of People with Each Score
Percentile by Number Answered
Your Score History
You have not taken this quiz